| 000 | 00942nam a2200277 a 4500 | ||
|---|---|---|---|
| 001 | 64939 | ||
| 003 | BD-RjUL | ||
| 005 | 20211209081353.0 | ||
| 008 | 170225s1974 bg bf b 001 0 eng | ||
| 035 | _a(BD-RjUL)65069 | ||
| 040 |
_aDLC _cDLC _dBD-RjUL _beng |
||
| 041 | _aeng | ||
| 082 | 0 | 0 |
_a954.0257 _223 _bKAP 1974 |
| 100 | 1 |
_aKarim, Khondkar Mahbubul, _d1933- _9192549 |
|
| 245 | 1 | 4 |
_aThe Provinces of Bihar and Bengal under Shahjahan / _cKhondkar Mahbubul Karim. |
| 260 |
_aDacca : _bAsiatic Society of Bangladesh, _c1974. |
||
| 300 |
_a237 p. : _bill. ; _c25 cm. |
||
| 504 | _aIncludes index and Bibliography | ||
| 651 | 0 |
_aBihar (India) _xHistory. _9192551 |
|
| 651 | 0 |
_aBengal (India) _xHistory. _9185858 |
|
| 651 | 0 |
_aMogul Empire. _9190116 |
|
| 830 |
_aAsiatic Society of Bangladesh publication ; _9208840 |
||
| 942 |
_2ddc _cBK |
||
| 999 |
_c64939 _d64939 |
||